00915nam a22002297a 4500003000500000005001700005008004100022010001100063011001100074035001100085040000900096100003800105245013000143260003800273500006000311502011900371650002400490650003500514650004700549650002500596856006400621CHAP20220329143833.0111125s2011 mx r 00010 spa d a102569 a103541 a114230 cCHAP1 aLabra Martínez, Rosa Esmeralda.10aIdentificación de la población Gopherus flavomarginatus en cautiverioh[En línea]c/por Rosa Esmeralda Labra Martínez aBermejillo, Dgo.bEl autor,c2011 aPara ver el contenido del material haga clic en la liga aTesis (Ing. Agr. en Sistemas Pecuarios de Zonas Áridas) -- UACH. Unidad Regional Universitaria de Zonas Áridas14aÁreas protegidas.14aBiodiversidadxConservación.14aReserva de la Biósfera de Mapimí, Dgo.14aTortugaxCautiverio. 3Finding aiduhttp://10.13.5.2/tesis/114230.pdfzTeclea aqui